000 00303nam a22001337a 4500
008 180920b xxu||||| |||| 00| 0 eng d
020 _a9780070292260
041 _aeng
080 _23 ED
_a338
100 _a53
101 _aMAN
245 _aInternational Management
_cLuthans.F
942 _2udc
_cBK
999 _c48097
_d48097